Decoding a decade : (Record no. 145319)

MARC details
000 -LEADER
fixed length control field 00636nam a22002057a 4500
005 - DATE AND TIME OF LATEST TRANSACTION
control field 20171207120654.0
010 ## - LCCN (DPL NO)
LC control number 1718EN-30 ENG-121776
020 ## - INTERNATIONAL STANDARD BOOK NUMBER
International Standard Book Number 9789382711629
Terms of availability 395.00
035 ## - SYSTEM CONTROL NUMBER
System control number EN-105308
037 ## - SOURCE OF ACQUISITION
Source of stock number/acquisition STAR
Stock number dpl
037 ## - SOURCE OF ACQUISITION
Source of stock number/acquisition DBAD/PUB
082 ## - DEWEY DECIMAL CLASSIFICATION NUMBER
Classification number 320.9540905
100 ## - MAIN ENTRY--PERSONAL NAME
Personal name Tewari, Manish
245 ## - TITLE STATEMENT
Title Decoding a decade :
Statement of responsibility, etc by Manish Tewari
Remainder of title the politics of policymaking /
260 ## - PUBLICATION, DISTRIBUTION, ETC. (IMPRINT)
Place of publication, distribution, etc New Delhi
Name of publisher, distributor, etc Vitastaa Pub.
Date of publication, distribution, etc 2017
270 ## - ADDRESS
Address 2/15, Ansari Road, Daryaganj,
City New Delhi
Postal code 110002
300 ## - PHYSICAL DESCRIPTION
Extent 321p.
Dimensions 21cm(pbk)
942 ## - ADDED ENTRY ELEMENTS (KOHA)
Source of classification or shelving scheme Dewey Decimal Classification
Item type English Books
Call number suffix TEW
Classification part 320.9540905
Holdings
Withdrawn status Lost status Not for loan Collection code Home library Current library Date acquired Source of acquisition Cost, normal purchase price Full call number Barcode Copy number Cost, replacement price Koha item type
    Not For Loan Non-fiction D.B.Act.Division Bawana 07/12/2017 DBAD/PUB 395.00 320.9540905 TEW EN-105308 1 395.00 English Books

© Delhi Public Library
Hit Counter
free hit counter